| 000 | 00440nam a2200145Ia 4500 | ||
|---|---|---|---|
| 008 | 240729s9999 xx 000 0 und d | ||
| 022 | _a2008-6490 | ||
| 245 | 0 | _aInternational Journal of Organ Transplantation Medicine | |
| 260 | _aIran, Islamic Republic of | ||
| 260 | _bShiraz University of Medical Sciences | ||
| 650 | _aMedicine | ||
| 856 | _uhttps://doaj.org/toc/d44d98ec43b44b9d85011fa6423b9f43 | ||
| 942 | _2ddc | ||
| 942 | _cDOAJEJ | ||
| 999 |
_c68719 _d68719 |
||
| 945 |
_a1 _bMadushi Gamage _c1 _dMadushi Gamage |
||